[Event "Zadar op-B 25th"]
[Site "Zadar"]
[Date "2018.12.17"]
[Round "4"]
[White "Novak, Milivoj"]
[Black "Brkic, Ivica"]
[Result "1/2-1/2"]
[WhiteElo "1857"]
[BlackElo "2117"]
[PlyCount "83"]
[EventDate "2018.12.15"]
[EventType "swiss"]
[EventRounds "9"]
[EventCountry "CRO"]
[SourceTitle "CBM 188 Extra"]
[Source "ChessBase"]
[SourceDate "2019.02.26"]
[SourceVersion "1"]
[SourceVersionDate "2019.02.26"]
[SourceQuality "1"]

1. d4 Nf6 2. Nf3 g6 3. e3 Bg7 4. Be2 0-0 5. 0-0 d6 6. b3 Nbd7 7. Bb2 Re8 8. c4 c6 9. Nbd2 Qc7 10. Qc2 e5 11. dxe5 dxe5 12. c5 a5 13. a3 Nf8 14. Bc4 Bf5 15. e4 Bd7 16. h3 Nh5 17. b4 Nf4 18. Rfe1 Qc8 19. Bf1 h6 20. Nc4 Qc7 21. Nd6 Re7 22. Nd2 b5 23. Kh2 g5 24. g3 N4g6 25. Be2 Kh7 26. Nf1 Ne6 27. Ne3 Nef8 28. Bg4 Be6 29. Qd2 Rd7 30. Qe2 Kg8 31. Red1 axb4 32. axb4 Rxa1 33. Rxa1 Bxg4 34. Qxg4 Rxd6 35. cxd6 Qxd6 36. Qe2 Qxb4 37. Nf5 c5 38. Ra7 Ne6 39. Ba3 Qb1 40. Qf3 Nh8 41. Ne7+ Kf8 42. Ng6+ 1/2-1/2

[Event "Zadar op-B 23rd"]
[Site "Zadar"]
[Date "2016.12.15"]
[Round "7"]
[White "Klasan, Elvis"]
[Black "Brkic, Ivica"]
[Result "0-1"]
[WhiteElo "1949"]
[BlackElo "2083"]
[PlyCount "150"]
[EventDate "2016.12.11"]
[EventType "swiss"]
[EventRounds "9"]
[EventCountry "CRO"]
[SourceTitle "CBM 176 Extra"]
[Source "ChessBase"]
[SourceDate "2017.03.02"]
[SourceVersion "1"]
[SourceVersionDate "2017.03.02"]
[SourceQuality "1"]

1. e4 e6 2. d4 d5 3. exd5 exd5 4. Nf3 Nf6 5. Bd3 h6 6. Bf4 Bd6 7. Bxd6 Qxd6 8. c3 0-0 9. 0-0 Bg4 10. h3 Bh5 11. Nbd2 Nbd7 12. Qc2 Bxf3 13. Nxf3 c5 14. dxc5 Nxc5 15. Nd4 Ne6 16. Nf5 Qc7 17. Ng3 a6 18. Rad1 b5 19. Rfe1 Rad8 20. Bf5 Rfe8 21. Bxe6 fxe6 22. Qg6 Qf7 23. Qxf7+ Kxf7 24. f3 Rc8 25. Rd2 Rc6 26. Kf2 g6 27. Rde2 Nd7 28. Rd1 Re7 29. Nf1 h5 30. Nd2 e5 31. Nb3 Nf6 32. Rde1 e4 33. Nd4 Rc4 34. a3 Rec7 35. Rd1 h4 36. Re3 Rc8 37. Ne2 g5 38. Nd4 Kg6 39. Ne2 R4c5 40. Nd4 R5c7 41. Ne6 Re7 42. Nd4 Rf7 43. Kg1 Rb7 44. Ne6 Rb6 45. Nd4 a5 46. Nc2 Kf5 47. fxe4+ dxe4 48. Rd4 Rc4 49. Re2 Rxd4 50. Nxd4+ Kg6 51. Nb3 b4 52. Nxa5 bxc3 53. bxc3 Rb1+ 54. Kf2 Rc1 55. c4 Kf5 56. Ke3 Rc3+ 57. Kd4 Rd3+ 58. Kc5 Rxa3 59. Kb4 Ra1 60. Nb3 Rb1 61. Kc3 Ke5 62. Nd2 Rb8 63. Nb3 Rc8 64. Kb4 Nh5 65. c5 Ng3 66. Re1 Nf5 67. Nd2 e3 68. Nc4+ Kf4 69. Rf1+ Ke4 70. Re1 Rc6 71. Kb5 Nd4+ 72. Ka4 e2 73. Rc1 Rxc5 74. Kb4 Rxc4+ 75. Kxc4 Nc2 0-1

[Event "Zadar op-B 23rd"]
[Site "Zadar"]
[Date "2016.12.12"]
[Round "3"]
[White "Popovic, Ivo"]
[Black "Brkic, Ivica"]
[Result "1/2-1/2"]
[WhiteElo "2179"]
[BlackElo "2083"]
[PlyCount "77"]
[EventDate "2016.12.11"]
[EventType "swiss"]
[EventRounds "9"]
[EventCountry "CRO"]
[SourceTitle "CBM 176 Extra"]
[Source "ChessBase"]
[SourceDate "2017.03.02"]
[SourceVersion "1"]
[SourceVersionDate "2017.03.02"]
[SourceQuality "1"]

1. e4 e6 2. d4 d5 3. Nc3 Nf6 4. Bg5 Be7 5. Bxf6 Bxf6 6. Nf3 a6 7. Bd3 c5 8. e5 Be7 9. dxc5 Bxc5 10. 0-0 Nc6 11. a3 b5 12. Qd2 h6 13. Ne2 Qc7 14. b4 Bb6 15. Qf4 Ne7 16. Qg4 g6 17. Qf4 Bd7 18. Qf6 Rg8 19. h4 Qd8 20. Qf4 h5 21. Ng5 Nf5 22. Nh7 Rh8 23. Nf6+ Kf8 24. Bxf5 gxf5 25. Ng3 Bc7 26. Ngxh5 Bc6 27. c3 Qb8 28. Rfe1 Ke7 29. Qg5 Kf8 30. f4 Qb6+ 31. Kh2 Qf2 32. Rf1 Qd2 33. Rad1 Qe2 34. Rde1 Qd2 35. Qg7+ Ke7 36. Qg5 Kf8 37. Qg7+ Ke7 38. Qg5 Kf8 39. Qg7+ 1/2-1/2

[Event "Zadar op-B 20th"]
[Site "Zadar"]
[Date "2013.12.20"]
[Round "8"]
[White "Zivkovic, Nikola"]
[Black "Brkic, Ivica"]
[Result "1/2-1/2"]
[WhiteElo "2227"]
[BlackElo "2105"]
[PlyCount "20"]
[EventDate "2013.12.15"]
[EventType "swiss"]
[EventRounds "9"]
[EventCountry "CRO"]
[SourceTitle "CBM 158 Extra"]
[Source "ChessBase"]
[SourceDate "2014.02.28"]
[SourceVersion "1"]
[SourceVersionDate "2014.02.28"]
[SourceQuality "1"]

1. e4 e6 2. d4 d5 3. Nc3 Nf6 4. Bg5 Be7 5. e5 Nfd7 6. Bxe7 Qxe7 7. f4 g6 8. Nf3 a6 9. Bd3 c5 10. 0-0 Nc6 1/2-1/2

[Event "Zadar op-B 20th"]
[Site "Zadar"]
[Date "2013.12.16"]
[Round "2"]
[White "Brkic, Ivica"]
[Black "Mufic, Goran"]
[Result "0-1"]
[WhiteElo "2105"]
[BlackElo "2263"]
[PlyCount "90"]
[EventDate "2013.12.15"]
[EventType "swiss"]
[EventRounds "9"]
[EventCountry "CRO"]
[SourceTitle "CBM 158 Extra"]
[Source "ChessBase"]
[SourceDate "2014.02.28"]
[SourceVersion "1"]
[SourceVersionDate "2014.02.28"]
[SourceQuality "1"]

1. e4 e6 2. d4 d5 3. Nc3 dxe4 4. Nxe4 Bd7 5. Nf3 Bc6 6. Bd3 Nd7 7. 0-0 Ngf6 8. Re1 Be7 9. c3 Bxe4 10. Bxe4 Nxe4 11. Rxe4 Nf6 12. Re1 0-0 13. Bg5 Qd6 14. Bxf6 Bxf6 15. Qb3 Rab8 16. Nd2 Qc6 17. Qc4 Qb6 18. Qb3 Qc6 19. Qc4 Qxc4 20. Nxc4 Rfd8 21. b4 b6 22. Rad1 Kf8 23. Kf1 Ke7 24. Ke2 Rd5 25. Rd3 c5 26. dxc5 bxc5 27. Rxd5 exd5 28. Kd3+ Kd7 29. Ne3 Bxc3 30. Kxc3 d4+ 31. Kc4 dxe3 32. Rxe3 cxb4 33. Rb3 a5 34. Rf3 Ke6 35. Kb3 f5 36. Ka4 Ra8 37. Re3+ Kf6 38. f4 Rc8 39. Re2 Rc5 40. g3 h6 41. Rg2 g5 42. Rf2 Kg6 43. Re2 Kh5 44. Re5 Rxe5 45. fxe5 f4 0-1

[Event "CRO-chT2S"]
[Site "Makarska"]
[Date "2013.10.05"]
[Round "5.5"]
[White "Glavan, Marko"]
[Black "Brkic, Ivica"]
[Result "1/2-1/2"]
[WhiteElo "2041"]
[BlackElo "2117"]
[PlyCount "86"]
[EventDate "2013.04.05"]
[EventType "team-tourn"]
[EventRounds "9"]
[EventCountry "CRO"]
[SourceTitle "EXT 2014"]
[Source "ChessBase"]
[SourceDate "2013.11.20"]
[SourceVersion "1"]
[SourceVersionDate "2013.11.20"]
[SourceQuality "1"]
[WhiteTeam "Privlaka Sveti Vid"]
[BlackTeam "Kastel"]
[WhiteTeamCountry "CRO"]
[BlackTeamCountry "CRO"]

1. e4 d6 2. d4 Nf6 3. Nc3 g6 4. Nge2 Bg7 5. g3 0-0 6. Bg2 e5 7. 0-0 c6 8. a4 Qc7 9. h3 Be6 10. Be3 Ne8 11. dxe5 Bxe5 12. Bh6 Bg7 13. Bxg7 Nxg7 14. b3 a5 15. Qd2 Na6 16. Rad1 Rad8 17. Kh2 Nc5 18. Nd4 Bc8 19. f4 f5 20. Rde1 fxe4 21. Nxe4 Nxe4 22. Rxe4 d5 23. Re5 Rde8 24. Rfe1 Rxe5 25. Rxe5 Re8 26. Rxe8+ Nxe8 27. Qc3 Bd7 28. Nf3 Be6 29. Ne5 c5 30. Ng4 d4 31. Qe1 Ng7 32. Nh6+ Kf8 33. Qe4 b6 34. Qa8+ Qc8 35. Qe4 Qd8 36. Qd3 Nf5 37. Nxf5 gxf5 38. Qe2 Qf6 39. Qf3 Bf7 40. Bf1 Kg7 41. Bd3 h5 42. Qb7 Kh6 43. Qc8 Kg6 1/2-1/2

[Event "Zadar op-B 19th"]
[Site "Zadar"]
[Date "2012.12.20"]
[Round "7"]
[White "Fucak, Emilijo"]
[Black "Brkic, Ivica"]
[Result "1/2-1/2"]
[WhiteElo "2222"]
[BlackElo "2106"]
[PlyCount "46"]
[EventDate "2012.12.16"]
[EventType "swiss"]
[EventRounds "9"]
[EventCountry "CRO"]
[SourceTitle "EXT 2014"]
[Source "ChessBase"]
[SourceDate "2013.11.20"]
[SourceVersion "1"]
[SourceVersionDate "2013.11.20"]
[SourceQuality "1"]

1. c4 e5 2. g3 g6 3. Bg2 Bg7 4. Nc3 Ne7 5. d3 d6 6. e4 c5 7. Bg5 f6 8. Be3 Nbc6 9. f4 a6 10. Nf3 Nd4 11. 0-0 0-0 12. Qd2 Bd7 13. Rf2 b5 14. Bxd4 cxd4 15. Nd5 Nxd5 16. cxd5 Qb6 17. fxe5 dxe5 18. h4 h5 19. Kh2 Kh7 20. Raf1 Qd6 21. Qa5 Rac8 22. Ne1 Bh6 23. Bh3 Bxh3 1/2-1/2

[Event "Split op 2nd"]
[Site "Split"]
[Date "2012.08.19"]
[Round "9"]
[White "Piskur, Mitja"]
[Black "Brkic, Ivica"]
[Result "1-0"]
[WhiteElo "2309"]
[BlackElo "2059"]
[PlyCount "91"]
[EventDate "2012.08.11"]
[EventType "swiss"]
[EventRounds "9"]
[EventCountry "CRO"]
[SourceTitle "CBM 149 Extra"]
[Source "ChessBase"]
[SourceDate "2012.08.24"]
[SourceVersion "1"]
[SourceVersionDate "2012.08.24"]
[SourceQuality "1"]

1. e4 c6 2. d4 d5 3. exd5 cxd5 4. c3 Nf6 5. Bf4 Nc6 6. Nf3 a6 7. Bd3 Bg4 8. Nbd2 Bh5 9. 0-0 e6 10. Re1 Be7 11. a4 Bg6 12. Bxg6 hxg6 13. h3 Bd6 14. Bxd6 Qxd6 15. a5 Nd7 16. Qb3 Rb8 17. Qa3 Qxa3 18. Rxa3 b5 19. axb6 Rxb6 20. b4 0-0 21. Nb3 Ncb8 22. Ne5 Nxe5 23. Rxe5 Rc8 24. Nc5 Rcc6 25. f4 f6 26. Re1 Kf7 27. g4 Rd6 28. Ra2 Rdc6 29. Kf2 Rd6 30. Kg3 Rd8 31. Rae2 Rdd6 32. h4 f5 33. gxf5 gxf5 34. Ra2 Nd7 35. Kf3 Nb8 36. Ke3 Rd8 37. Rea1 Rdd6 38. Kd3 Rdc6 39. h5 Rd6 40. Rg2 Nd7 41. Rag1 Nf6 42. Rxg7+ Kf8 43. Ra7 Nxh5 44. Nd7+ Rxd7 45. Rxd7 Nxf4+ 46. Ke3 1-0

[Event "Sarajevo Bosna op-B 42nd"]
[Site "Sarajevo"]
[Date "2012.05.09"]
[Round "7"]
[White "Banduka, Zeljko"]
[Black "Brkic, Ivica"]
[Result "1-0"]
[WhiteElo "2170"]
[BlackElo "2059"]
[PlyCount "85"]
[EventDate "2012.05.05"]
[EventType "swiss"]
[EventRounds "9"]
[EventCountry "BIH"]
[SourceTitle "CBM 148 Extra"]
[Source "ChessBase"]
[SourceDate "2012.06.22"]
[SourceVersion "1"]
[SourceVersionDate "2012.06.22"]
[SourceQuality "1"]

1. d4 d5 2. c4 c6 3. Nf3 Nf6 4. g3 Bf5 5. Nc3 e6 6. Bg2 a6 7. Nh4 Bg6 8. 0-0 dxc4 9. Nxg6 hxg6 10. a4 Nd5 11. e4 Nxc3 12. bxc3 b5 13. d5 Bc5 14. dxe6 fxe6 15. Qg4 Kf7 16. axb5 cxb5 17. e5 Ra7 18. Be4 Qc8 19. Bxg6+ Kg8 20. Bg5 Nc6 21. Qf4 Qf8 22. Qe4 Ne7 23. Rad1 Qa8 24. Rd7 Nxg6 25. Rd8+ Kf7 26. Rxa8 Rhxa8 27. Rd1 Rc8 28. h4 Nf8 29. h5 Be7 30. Be3 Raa8 31. f4 a5 32. f5 b4 33. fxe6+ Kg8 34. Qf5 Rc7 35. Qf7+ Kh8 36. h6 gxh6 37. Kg2 Nh7 38. Bxh6 Rg8 39. Rd7 Rxd7 40. exd7 Bd8 41. e6 b3 42. e7 Bxe7 43. Qxe7 1-0

[Event "Split SDZ op"]
[Site "Split"]
[Date "2012.03.23"]
[Round "7"]
[White "Brkic, Ivica"]
[Black "Paradjina, Dusko"]
[Result "1/2-1/2"]
[WhiteElo "2080"]
[BlackElo "1930"]
[PlyCount "68"]
[EventDate "2012.03.17"]
[EventType "swiss"]
[EventRounds "9"]
[EventCountry "CRO"]
[SourceTitle "EXT 2013"]
[Source "ChessBase"]
[SourceDate "2012.11.22"]
[SourceVersion "1"]
[SourceVersionDate "2012.11.22"]
[SourceQuality "1"]

1. e4 c5 2. Nf3 Nc6 3. d4 cxd4 4. Nxd4 Nf6 5. Nc3 e5 6. Ndb5 a6 7. Nd6+ Bxd6 8. Qxd6 Qe7 9. Qd1 h6 10. Be2 d6 11. 0-0 0-0 12. Bc4 Rd8 13. Be3 b5 14. Nd5 Nxd5 15. Bxd5 Bb7 16. a4 Qc7 17. Qe2 Ne7 18. Bb3 Bc6 19. a5 Qb7 20. f3 Ng6 21. Rfd1 d5 22. Bb6 Rd7 23. exd5 Bxd5 24. Bxd5 Rxd5 25. Rxd5 Qxd5 26. Rd1 Qc6 27. g3 Rc8 28. c3 Qe6 29. Rd3 Re8 30. Qd1 Qa2 31. Qe2 f5 32. Rd6 Kh7 33. h4 e4 34. f4 Ne7 1/2-1/2

[Event "Split SDZ op"]
[Site "Split"]
[Date "2012.03.22"]
[Round "6"]
[White "Bozanic, Ivica"]
[Black "Brkic, Ivica"]
[Result "1-0"]
[WhiteElo "2251"]
[BlackElo "2080"]
[PlyCount "103"]
[EventDate "2012.03.17"]
[EventType "swiss"]
[EventRounds "9"]
[EventCountry "CRO"]
[SourceTitle "EXT 2013"]
[Source "ChessBase"]
[SourceDate "2012.11.22"]
[SourceVersion "1"]
[SourceVersionDate "2012.11.22"]
[SourceQuality "1"]

1. e4 c6 2. d4 d5 3. Nd2 dxe4 4. Nxe4 Bf5 5. Ng3 Bg6 6. N1e2 e6 7. Nf4 Nf6 8. h4 Bd6 9. h5 Be4 10. Nxe4 Nxe4 11. Bd3 Nf6 12. Qf3 Nbd7 13. Bd2 Qc7 14. h6 g6 15. 0-0-0 0-0-0 16. Nh3 Rdf8 17. Ng5 Kb8 18. Kb1 Ka8 19. Rhe1 Qd8 20. c4 Qc8 21. Bc3 Qd8 22. Nh3 Rhg8 23. g4 Ne8 24. g5 Nc7 25. Qe2 f6 26. f4 f5 27. Qe3 Re8 28. Ng1 c5 29. Nf3 Na6 30. Bc2 Qc7 31. Ne5 cxd4 32. Bxd4 Nxe5 33. Bxe5 Bxe5 34. Qxe5 Qxe5 35. Rxe5 Re7 36. Rd6 Nc7 37. b4 Kb8 38. Bb3 Kc8 39. c5 Ree8 40. Kb2 a6 41. a4 Kb8 42. Bc4 Kc8 43. Kb3 Kb8 44. b5 axb5 45. axb5 Kc8 46. Kc3 Nd5+ 47. Bxd5 exd5 48. Rdxd5 Kc7 49. Kd4 Rxe5 50. Rxe5 Rd8+ 51. Kc4 Rd7 52. Re8 1-0

[Event "Split SDZ op"]
[Site "Split"]
[Date "2012.03.20"]
[Round "4"]
[White "Susovic, Hrvoje"]
[Black "Brkic, Ivica"]
[Result "0-1"]
[WhiteElo "1976"]
[BlackElo "2080"]
[PlyCount "67"]
[EventDate "2012.03.17"]
[EventType "swiss"]
[EventRounds "9"]
[EventCountry "CRO"]
[SourceTitle "EXT 2013"]
[Source "ChessBase"]
[SourceDate "2012.11.22"]
[SourceVersion "1"]
[SourceVersionDate "2012.11.22"]
[SourceQuality "1"]

1. e4 d6 2. d4 Nf6 3. Bd3 g6 4. Nf3 Bg7 5. c3 Bg4 6. h3 Bxf3 7. Qxf3 Nbd7 8. 0-0 e5 9. Bg5 h6 10. Be3 0-0 11. Qe2 Re8 12. Nd2 Nh5 13. g3 c5 14. d5 a6 15. a4 Rf8 16. Kh2 Kh7 17. Qd1 Qe8 18. Nc4 Qe7 19. Be2 Nhf6 20. f3 Ng8 21. a5 f5 22. Qb3 f4 23. Bf2 fxg3+ 24. Bxg3 Ngf6 25. Qb6 Rad8 26. Bf2 Nh5 27. Bd1 Ndf6 28. b4 cxb4 29. Qxb4 Rf7 30. Ne3 Qd7 31. Nc4 Ne8 32. Bb6 Rc8 33. Be3 Qe7 34. Ra2 0-1

[Event "Zadar op-B 18th"]
[Site "Zadar"]
[Date "2011.12.12"]
[Round "2"]
[White "Savic, Miroslav"]
[Black "Brkic, Ivica"]
[Result "1-0"]
[WhiteElo "2264"]
[BlackElo "2098"]
[PlyCount "61"]
[EventDate "2011.12.11"]
[EventType "swiss"]
[EventRounds "9"]
[EventCountry "CRO"]
[SourceTitle "CBM 145 Extra"]
[Source "ChessBase"]
[SourceDate "2012.01.03"]
[SourceVersion "1"]
[SourceVersionDate "2012.01.03"]
[SourceQuality "1"]

1. d4 Nf6 2. Nf3 d5 3. c4 e6 4. Nc3 c6 5. e3 Bd6 6. Qc2 a6 7. b3 b5 8. Bb2 b4 9. Na4 Ne4 10. Bd3 f5 11. Ne5 Bb7 12. 0-0 0-0 13. f3 Nf6 14. Nc5 Bxc5 15. dxc5 Nbd7 16. cxd5 Nxd5 17. Rfe1 Qc7 18. Nxd7 Qxd7 19. Rad1 Qf7 20. e4 fxe4 21. Bxe4 h6 22. Be5 Rfd8 23. Bh7+ Kh8 24. Bg6 Qf8 25. Rd4 Nf6 26. Bd6 Qg8 27. Rxb4 Bc8 28. Rh4 Ra7 29. Qc3 Rxd6 30. cxd6 Bd7 31. g4 1-0

[Event "Zagreb op-B"]
[Site "Zagreb"]
[Date "2011.04.16"]
[Round "7"]
[White "Colakic, Tomislav"]
[Black "Brkic, Ivica"]
[Result "0-1"]
[WhiteElo "1999"]
[BlackElo "2133"]
[PlyCount "66"]
[EventDate "2011.04.11"]
[EventType "swiss"]
[EventRounds "9"]
[EventCountry "CRO"]
[SourceTitle "CBM 141 Extra"]
[Source "ChessBase"]
[SourceDate "2011.05.03"]
[SourceVersion "1"]
[SourceVersionDate "2011.05.03"]
[SourceQuality "1"]

1. c4 Nf6 2. Nf3 g6 3. Nc3 Bg7 4. d4 0-0 5. e4 d6 6. h3 c6 7. Be3 Nbd7 8. Qd2 a6 9. Bh6 b5 10. Bxg7 Kxg7 11. a3 Bb7 12. b4 bxc4 13. Bxc4 e6 14. 0-0 a5 15. Rfb1 Qc7 16. e5 dxe5 17. bxa5 Rxa5 18. dxe5 Nxe5 19. Nxe5 Rxe5 20. Qd4 Ba8 21. Rd1 c5 22. Qd3 Rg5 23. g4 h5 24. Qe3 Nxg4 25. hxg4 Rxg4+ 26. Kf1 Rxc4 27. a4 Qc6 28. Ke2 Bb7 29. f3 f6 30. Rd2 e5 31. Nb5 Rxa4 32. Rb1 Ba6 33. Qd3 Rd4 0-1

[Event "Zagreb op-B"]
[Site "Zagreb"]
[Date "2011.04.15"]
[Round "5"]
[White "Dugandzic, Boris"]
[Black "Brkic, Ivica"]
[Result "1-0"]
[WhiteElo "2210"]
[BlackElo "2133"]
[PlyCount "119"]
[EventDate "2011.04.11"]
[EventType "swiss"]
[EventRounds "9"]
[EventCountry "CRO"]
[SourceTitle "CBM 141 Extra"]
[Source "ChessBase"]
[SourceDate "2011.05.03"]
[SourceVersion "1"]
[SourceVersionDate "2011.05.03"]
[SourceQuality "1"]

1. c4 Nf6 2. g3 g6 3. Bg2 Bg7 4. Nf3 0-0 5. 0-0 c6 6. d4 d5 7. b3 Re8 8. Bb2 Bf5 9. Nc3 Be4 10. Nxe4 Nxe4 11. Nd2 f5 12. Nxe4 fxe4 13. Qd2 Nd7 14. cxd5 cxd5 15. Rac1 Qb6 16. Bh3 e6 17. Rc2 Rac8 18. Rfc1 Rxc2 19. Rxc2 Bf8 20. Qc1 Bd6 21. Rc8 Kf7 22. Rxe8 Kxe8 23. Bxe6 Qb5 24. Qc2 Ke7 25. Bh3 Qc6 26. Qd2 Nf6 27. Bc3 Kf7 28. e3 h5 29. Bf1 a6 30. Bb4 Bc7 31. Ba3 Bd6 32. Bxd6 Qxd6 33. Qc3 g5 34. b4 g4 35. a3 Qd7 36. Qc5 Ne8 37. b5 Nc7 38. bxa6 bxa6 39. Qb6 Ne6 40. h4 gxh3 41. Bxh3 Qe7 42. Qxa6 Ng5 43. Bg2 Kg7 44. Qc6 Qd8 45. Qb5 Nh7 46. a4 Nf6 47. a5 Qf8 48. Bh3 Qa3 49. a6 Qa1+ 50. Bf1 Qa2 51. Qe2 Qa1 52. Kg2 Kg6 53. Qb5 Qa2 54. Be2 Kg5 55. Bd1 Qd2 56. Bb3 Ng4 57. Qxd5+ Kh6 58. Qd6+ Kg7 59. Qf4 Nf6 60. Qg5+ 1-0

[Event "Zadar op-B 17th"]
[Site "Zadar"]
[Date "2010.12.15"]
[Round "6"]
[White "Brkic, Ivica"]
[Black "Franciskovic, Borka"]
[Result "1/2-1/2"]
[WhiteElo "2164"]
[BlackElo "2274"]
[PlyCount "48"]
[EventDate "2010.12.12"]
[EventType "swiss"]
[EventRounds "9"]
[EventCountry "CRO"]
[SourceTitle "CBM 139 Extra"]
[Source "ChessBase"]
[SourceDate "2011.01.05"]
[SourceVersion "1"]
[SourceVersionDate "2011.01.05"]
[SourceQuality "1"]

1. e4 c6 2. d4 d5 3. Nd2 dxe4 4. Nxe4 Bf5 5. Ng3 Bg6 6. Nf3 e6 7. h4 h6 8. Bd3 Bxd3 9. Qxd3 Nf6 10. Be3 Nbd7 11. 0-0-0 Bd6 12. Ne4 Nxe4 13. Qxe4 Nf6 14. Qd3 Qc7 15. Kb1 0-0-0 16. c4 Kb8 17. Qc2 Ng4 18. Qe4 Nf6 19. Qc2 Rhe8 20. g3 Ng4 21. Rhe1 Nxe3 22. Rxe3 Be7 23. Ne5 Bf6 24. f4 Kc8 1/2-1/2